Memmler's The Human Body in Health and Disease/ (Record no. 10935)
[ view plain ]
| 000 -LEADER | |
|---|---|
| fixed length control field | 02275cam a22004698a 4500 |
| 001 - CONTROL NUMBER | |
| control field | 15234925 |
| 005 - DATE AND TIME OF LATEST TRANSACTION | |
| control field | 20150817151022.0 |
| 006 - FIXED-LENGTH DATA ELEMENTS--ADDITIONAL MATERIAL CHARACTERISTICS--GENERAL INFORMATION | |
| fixed length control field | m||||f ||z| 00| 0 |
| 008 - FIXED-LENGTH DATA ELEMENTS--GENERAL INFORMATION | |
| fixed length control field | 080326t2009 mdua frb 001 0 eng d |
| 010 ## - LIBRARY OF CONGRESS CONTROL NUMBER | |
| LC control number | 2008013977 |
| 020 ## - INTERNATIONAL STANDARD BOOK NUMBER | |
| International Standard Book Number | 0781790735 |
| 020 ## - INTERNATIONAL STANDARD BOOK NUMBER | |
| International Standard Book Number | 9780781790734 (pbk.) |
| 035 ## - SYSTEM CONTROL NUMBER | |
| System control number | (DNLM)101469798 |
| 040 ## - CATALOGING SOURCE | |
| Original cataloging agency | DNLM/DLC |
| Transcribing agency | DLC |
| Modifying agency | DLC |
| Language of cataloging | eng |
| 042 ## - AUTHENTICATION CODE | |
| Authentication code | pcc |
| 050 00 - LIBRARY OF CONGRESS CALL NUMBER | |
| Classification number | QP34.5 |
| Item number | .M48 2009 |
| 060 10 - NATIONAL LIBRARY OF MEDICINE CALL NUMBER | |
| Classification number | QT 104 |
| Item number | C678m 2009 |
| 082 04 - DEWEY DECIMAL CLASSIFICATION NUMBER | |
| Classification number | 612 |
| Edition number | 22 |
| Item number | COH |
| 100 1# - MAIN ENTRY--PERSONAL NAME | |
| Personal name | Cohen, Barbara J. |
| 9 (RLIN) | 3801 |
| 245 10 - TITLE STATEMENT | |
| Title | Memmler's The Human Body in Health and Disease/ |
| Statement of responsibility, etc | Barbara Janson Cohen; Jason James Taylor (contributor) |
| 246 30 - VARYING FORM OF TITLE | |
| Title proper/short title | Human body in health and disease |
| 250 ## - EDITION STATEMENT | |
| Edition statement | 11th ed. |
| 260 ## - PUBLICATION, DISTRIBUTION, ETC. (IMPRINT) | |
| Place of publication, distribution, etc | Baltimore, Maryland : |
| Name of publisher, distributor, etc | Lippincott William & Wilkins, |
| Date of publication, distribution, etc | c. 2009. |
| 263 ## - PROJECTED PUBLICATION DATE | |
| Projected publication date | 0809 |
| 300 ## - PHYSICAL DESCRIPTION | |
| Extent | xxxiv, 617p. ; |
| Other physical details | ill. ; |
| Dimensions | 27 cm. + |
| Accompanying material | 1 DVD |
| 500 ## - GENERAL NOTE | |
| General note | Index: p. 597-617 |
| 504 ## - BIBLIOGRAPHY, ETC. NOTE | |
| Bibliography, etc | Includes bibliographical references. |
| 505 0# - FORMATTED CONTENTS NOTE | |
| Formatted contents note | Organization of the human body -- Chemistry, matter, and life -- Cells and their functions -- Tissues, glands, and membranes -- Disease and disease-producing organisms -- The skin in health and disease -- The skeleton: bones and joints -- The nervous system: the spinal cord and spinal nerves -- The nervous system: the brain and cranial nerves -- The sensory system -- The endocrine system: glands and hormones -- The blood -- The heart and heart disease -- Blood vessels and blood circulation -- The lymphatic system and lymphoid tissue -- Body defenses, immunity, and vaccines -- The respiratory system -- The digestive system -- Metabolism, nutrition, and body temperature -- Body fluids -- The urinary system -- The male and female reproductive systems -- Development and birth -- Heredity and hereditary diseases. |
| 590 ## - LOCAL NOTE (RLIN) | |
| Local note | Mohame Hussein |
| 650 #0 - SUBJECT ADDED ENTRY--TOPICAL TERM | |
| Topical term or geographic name as entry element | Human physiology. |
| 9 (RLIN) | 3802 |
| Source of heading or term | BUEsh |
| 650 #0 - SUBJECT ADDED ENTRY--TOPICAL TERM | |
| Topical term or geographic name as entry element | Physiology, Pathological. |
| 9 (RLIN) | 3803 |
| Source of heading or term | BUEsh |
| 650 #0 - SUBJECT ADDED ENTRY--TOPICAL TERM | |
| Topical term or geographic name as entry element | Human anatomy. |
| 9 (RLIN) | 3804 |
| Source of heading or term | BUEsh |
| 650 12 - SUBJECT ADDED ENTRY--TOPICAL TERM | |
| Topical term or geographic name as entry element | Physiology. |
| 9 (RLIN) | 3805 |
| Source of heading or term | BUEsh |
| 650 22 - SUBJECT ADDED ENTRY--TOPICAL TERM | |
| Topical term or geographic name as entry element | Anatomy. |
| 9 (RLIN) | 3806 |
| Source of heading or term | BUEsh |
| 650 22 - SUBJECT ADDED ENTRY--TOPICAL TERM | |
| Topical term or geographic name as entry element | Pathology. |
| 9 (RLIN) | 3807 |
| Source of heading or term | BUEsh |
| 651 ## - SUBJECT ADDED ENTRY--GEOGRAPHIC NAME | |
| Source of heading or term | BUEsh |
| 653 ## - INDEX TERM--UNCONTROLLED | |
| Resource For college | Nursing |
| Arrived date list | August2015 |
| 700 1# - ADDED ENTRY--PERSONAL NAME | |
| Personal name | Taylor, Jason J. |
| 9 (RLIN) | 3808 |
| 700 1# - ADDED ENTRY--PERSONAL NAME | |
| Personal name | Memmler, Ruth Lundeen. |
| 9 (RLIN) | 3809 |
| 942 ## - ADDED ENTRY ELEMENTS (KOHA) | |
| Source of classification or shelving scheme | Dewey Decimal Classification |
| Item type | |
| Withdrawn status | Item status | Source of classification or shelving scheme | Damaged status | Not for loan | Vendor | Home library | Current library | Shelving location | Date acquired | Source of acquisition | Cost, normal purchase price | Serial Enumeration / chronology | Total Checkouts | Total Renewals | Full call number | Barcode | Date last seen | Date last borrowed | Koha item type | Materials specified (bound volume or other part) |
|---|---|---|---|---|---|---|---|---|---|---|---|---|---|---|---|---|---|---|---|---|
| Dewey Decimal Classification | Baccah | Central Library | Central Library | First floor | 23/02/2009 | 192.00 | 6996 | 14 | 19 | 612 COH | 000014943 | 15/07/2025 | 18/10/2022 | Book - Borrowing | ||||||
| Dewey Decimal Classification | Baccah | Central Library | Central Library | First floor | 23/02/2009 | 192.00 | 6996 | 7 | 6 | 612 COH | 000014944 | 02/03/2020 | 07/03/2012 | Book - Borrowing | Lost In Inventory_2005-2015/8/22 | |||||
| Dewey Decimal Classification | Baccah | Central Library | Central Library | First floor | 15/07/2009 | 6996 | 5 | 612 COH | 000015549 | 24/08/2022 | 27/09/2010 | CD | DVD - With book | ||||||||
| Dewey Decimal Classification | Baccah | Central Library | Central Library | First floor | 05/11/2009 | 6 | 2 | 612 COH | 000022393 | 24/08/2022 | 23/09/2013 | CD | DVD - With book |